[Event "Hannover-ch U18"]
[Site "Lehrte"]
[Date "2014.10.26"]
[Round "4"]
[White "Bulmahn, Aaron Aime"]
[Black "Schilling, Ramon"]
[Result "1-0"]
[WhiteElo "1435"]
[BlackElo "841"]
[PlyCount "101"]
[EventDate "2014.10.25"]
[EventType "tourn"]
[EventRounds "7"]
[EventCountry "GER"]
[SourceTitle "EXT 2021"]
[Source "ChessBase"]
[SourceDate "2020.10.23"]
[SourceVersion "1"]
[SourceVersionDate "2020.10.23"]
[SourceQuality "1"]

1. e4 e5 2. Nf3 Nc6 3. Bb5 d6 4. h3 Nf6 5. d3 g6 6. Bg5 Bg7 7. 0-0 0-0 8. c3 a6 9. Ba4 d5 10. Bxc6 bxc6 11. Nbd2 Qd6 12. Re1 c5 13. exd5 Bb7 14. Ne4 Nxe4 15. dxe4 c6 16. c4 cxd5 17. cxd5 f5 18. Qb3 Rab8 19. Rad1 f4 20. Nh4 Bf6 21. Bxf6 Rxf6 22. Nf3 h6 23. Rd2 Rff8 24. Rc1 Kg7 25. Qc3 Rfe8 26. Qxc5 Red8 27. Qxd6 Rxd6 28. Nxe5 Re8 29. Rc7+ Kf6 30. Ng4+ Kg5 31. Rxb7 Rxe4 32. f3 Re1+ 33. Kh2 h5 34. Nf2 h4 35. Ne4+ Rxe4 36. fxe4 f3 37. gxf3 Kf4 38. Rb3 g5 39. Rc3 Rb6 40. d6 Rb8 41. d7 Rd8 42. Rc8 Ke3 43. Rxd8 Kxd2 44. Rg8 Ke3 45. d8Q Kxf3 46. Qxg5 Kxe4 47. Qxh4+ Ke5 48. Rg5+ Kf6 49. Qh6+ Ke7 50. Rg7+ Kf8 51. Qh8# 1-0

[Event "Hannover-ch U16/18"]
[Site "Lehrte"]
[Date "2012.10.23"]
[Round "3"]
[White "Danitz, Julien Tillmann"]
[Black "Schilling, Ramon"]
[Result "0-1"]
[WhiteElo "862"]
[BlackElo "789"]
[PlyCount "52"]
[EventDate "2012.10.23"]
[EventType "swiss"]
[EventRounds "7"]
[EventCountry "GER"]
[SourceTitle "EXT 2021"]
[Source "ChessBase"]
[SourceDate "2020.10.23"]
[SourceVersion "1"]
[SourceVersionDate "2020.10.23"]
[SourceQuality "1"]

1. c4 e5 2. g3 Bc5 3. e3 Nf6 4. d3 d5 5. Bg2 d4 6. Nf3 Nc6 7. 0-0 e4 8. Ng5 Bg4 9. Qc2 exd3 10. Qxd3 Ne5 11. Qc2 dxe3 12. fxe3 Qd3 13. Qa4+ c6 14. Rd1 Bxd1 15. b3 Bxe3+ 16. Bxe3 Qxe3+ 17. Kf1 Qxg5 18. Nc3 Qf5+ 19. Ke1 Nd3+ 20. Kd2 Rd8 21. Kxd1 Nb2+ 22. Kc1 Nxa4 23. Nxa4 Qe5 24. Rb1 b5 25. cxb5 cxb5 26. Nc3 Qxc3# 0-1